00445nam a22001697a 450000500170000001000150001702000270003203500140005903700090007308200110008224500730009326000440016627000320021030000200024249000100026270000030027220240911112348.0 aENG-141736 c1250.00a9789384963927 aEN-125268 bDBAD a9212  aCollected Works of Dr K.C. Varadachari/cBy Shri Ram Chandra Mission aChennaibShri Ram Chandra Missionc2016 aManapakkambChennaie600125 a270p.c28cm(hb) vVol 1